| 000 | 01800nam a22005050a 4500 | ||
|---|---|---|---|
| 001 | PT3159 | ||
| 003 | AR-LpoUNG | ||
| 005 | 20210131231218.0 | ||
| 008 | 191001s1999||||sp |||||||||||||||||spa d | ||
| 020 |
_a8474234409 _c$23.4 |
||
| 040 |
_aAR-LpoUNG _bspa _cAR-LpoUNG _eaacr |
||
| 041 | _aspa | ||
| 044 | _asp | ||
| 082 | 0 | _a909.81 935 cla | |
| 100 | 1 | _aRule, John | |
| 245 | 1 | 0 |
_aClase obrera e industrialización : _bhistoria social de la revolución industrial británica, 1750-1850 |
| 250 | _aed. | ||
| 260 |
_aBarcelona : _bCrítica, _c1990. |
||
| 300 |
_a589 p. : _btbls., gráfs. |
||
| 520 | _a<p>Es una síntesis sobre los problemas referentes a las condiciones materiales, al trabajo y a las respuestas obreras. El autor agrega temas referidos a la comunidad, la familia, las relaciones afectivas y sexuales, la educación, el ocio y la fiesta. Para dar un panorama de la vida de los hombres y mujeres corrientes que pasaron por la experiencia de transformación social que se denomina revolución industrial.</p> | ||
| 650 | 4 | _aALIMENTACION | |
| 650 | 4 | _aCONDICIONES DE TRABAJO | |
| 650 | 4 | _aCONDICIONES DE VIDA | |
| 650 | 4 | _aCONDICIONES SOCIALES | |
| 650 | 4 | _aECONOMIA INDUSTRIAL | |
| 650 | 4 | _aEDUCACION | |
| 650 | 4 | _aFAMILIA | |
| 650 | 4 | _aINTEGRACION DE LA MUJER EN EL DESARROLLO | |
| 650 | 4 | _aMOVIMIENTOS OBREROS | |
| 650 | 4 | _aMUJERES | |
| 650 | 4 | _aORGANIZACIONES DE TRABAJADORES | |
| 650 | 4 | _aREINO UNIDO | |
| 650 | 4 | _aSALARIOS | |
| 650 | 4 | _aSALUD | |
| 650 | 4 | _aSINDICALISMO | |
| 650 | 4 | _aSOCIEDAD | |
| 650 | 4 | _aTIEMPO LIBRE | |
| 650 | 4 | _aTRABAJO | |
| 650 | 4 | _aVIVIENDA OBRERA | |
| 650 | 4 | _aVIVIENDA RURAL | |
| 651 | 4 | _aReino Unido de Gran Bretaña e Irlanda del Norte | |
| 700 | 1 |
_aGrau, Elena _etr. |
|
| 905 | _a3159 | ||
| 942 | _cLIB | ||
| 999 |
_c8684 _d8684 |
||